01457nam a2200361 a 450000500170000000800410001702000180005804000270007604100080010304400070011108200180011810000380013624501860017425000220036026001000038230000990048250000230058150400610060465000260066565000220069165000370071365000240075065000240077465100390079865100340083770000390087170000340091070000340094470000280097870000300100670000260103670000330106220191224042325.0170531t2017 ck abdo|r|||| 00| 0 spa d a9789585951396 aCO-BoIAVH cCO-BoIAVH 0 aspa ack04a305.898bM52m1 aMendoza Hernández, Delioeautor10aMoniya ringo. Mujer de abundancia y reproducción : bEstudio de caso de la chagra de la Gente de Centro, Resguardo Indígena de Monochoa / cDelio Mendoza Hernández [y otros 6] aPrimera edición aBogotá (Colombia) : bInstituto Amazónico de Investigaciones Científicas - Sinchi,c2017. a188 páginas : bilustraciones a color, mapas, tablas y fotografías a color ; c24 x 18 cm. aIncluye glosarios. aIncluye referencias bibliográficas: páginas 179-181.26aCultivos autóctonos26aPapel de la mujer26aMujeresxsoberanía alimentaria26aPueblos indígenas26aCultura tradicional 4aCaquetá (Departamento, Colombia) 4aAmazonia (Región, Colombia)1 aRodríguez Uaroke, Octavioeautor1 aMendoza Rivera, Cieloeautora1 aMendoz Rivera, Eusebioeautor1 aGómez, Amaliaeautora1 aKutdo, Leopoldinaeautora1 aOrtíz, Jorgeeautor1 aCrisóstomo, Jesúseautor